|
|
|
|
| LEADER |
00000cam a2200000 7i4500 |
| 001 |
0000004851 |
| 005 |
20151222.0 |
| 008 |
070731 |
| 020 |
|
|
|a 9831283090
|
| 090 |
0 |
0 |
|a JF
|b MOR JAW (4346)
|
| 245 |
0 |
0 |
|a Semut yang rajin
|
| 260 |
|
|
|a Kuala Lumpur :
|b Penerbitan Fargoes ,
|c 2005
|
| 440 |
|
|
|a Siri cerita pengajaran
|
| 500 |
|
|
|a Children ages 7-9 years old (orange)
|
| 650 |
|
0 |
|a Junior fiction
|x jawi
|
| 650 |
|
0 |
|a Moral
|
| 999 |
|
|
|a 0000899896
|b Book
|c Children Collection
|e Cawangan Mersing
|
| 999 |
|
|
|a 0000899897
|b Book
|c Children Collection
|e Cawangan Mersing
|
| 999 |
|
|
|a 0000899901
|b Book
|c Children Collection
|e Cawangan Tangkak
|
| 999 |
|
|
|a 0000899904
|b Book
|c Children Collection
|e Cawangan Tmn. Ungku Tun Aminah
|
| 999 |
|
|
|a 0000899905
|b Book
|c Children Collection
|e Cawangan Tmn. Ungku Tun Aminah
|
| 999 |
|
|
|a 0000978437
|b Book
|c Children Collection
|e Perbadanan Perpustakaan Awam Johor
|
| 999 |
|
|
|a 0000978438
|b Book
|c Children Collection
|e Cawangan Bandar Tenggara
|
| 999 |
|
|
|a 0000978439
|b Book
|c Children Collection
|e Cawangan Urban Transformation Centre
|
| 999 |
|
|
|a 0000978440
|b Book
|c Children Collection
|e Perbadanan Perpustakaan Awam Johor
|
| 999 |
|
|
|a 0001215249
|b Book
|c Children Collection
|e Cawangan Segamat
|
| 999 |
|
|
|a 0001215250
|b Book
|c Children Collection
|e Cawangan Tmn. Ungku Tun Aminah
|
| 999 |
|
|
|a 0001215948
|b Book
|c Children Collection
|e Cawangan Taman Universiti
|